| 000 | 00892nam a2200265 a 4500 | ||
|---|---|---|---|
| 001 | 54886 | ||
| 003 | BD-RjUL | ||
| 005 | 20211209080200.0 | ||
| 008 | 161112s2000 enka b 001 0 eng | ||
| 020 | _a0340652632 | ||
| 020 | _a0470236523 (Wiley) | ||
| 035 | _a(BD-RjUL)55008 | ||
| 040 |
_aDLC _cDLC _dBD-RjUL _beng |
||
| 041 | _aeng | ||
| 082 | 0 | 0 |
_a304.20973 _223 _bJOG 2000 |
| 100 | 1 |
_aJohnston, R. J. _q(Ronald John) _9163611 |
|
| 245 | 1 | 0 |
_aGeography and geographers : _bAnglo-American human geography since 1945 / _cR.J. Johnston. |
| 250 | _a5th ed. | ||
| 260 |
_aLondon : _bOxford University Press, _cc1997 [Reprint 2000] . |
||
| 300 |
_axx, 475 p. : _bill. ; _c24 cm. |
||
| 504 | _aIncludes bibliographical references and indexes. | ||
| 650 | 0 |
_aHuman geography _zUnited States _xHistory. _9163612 |
|
| 650 | 0 |
_aHuman geography _zGreat Britain _xHistory. _9163613 |
|
| 942 |
_2ddc _cBK |
||
| 999 |
_c54886 _d54886 |
||